000 00645nam a2200205Ia 4500
003 GCL
008 140319s9999 xx 000 0 ara d
040 _aGCL /
_cGCL
082 0 4 _a340.1
_bع.ا
100 1 _aعلى عبدالعال العيسوى
245 1 0 _aاسرار مهنة المحاماة: عظمة المحاماة وقمتها /
_cعلى عبدالعال العيسوى
260 _a[S.N] :
_bالمكتبة القانونية ،
_c1994
300 _a160 ص
490 _a
650 0 4 _aالقانون
650 0 4 _aالمحاماة
650 0 4 _aالمحامون
650 0 4 _aمهنة المحاماه
942 _2ddc
_cBK
999 _c54305
_d54305